|
|
|
|
| LEADER |
01170naa#a2200361#ar4500 |
| 001 |
000094635 |
| 003 |
SVKKK |
| 005 |
20090324101448.0 |
| 008 |
090324c2007 xo #|0||||||||0|||b|slo |
| FMT |
|
|
|
| 015 |
|
|
|a SNBRA2009/03
|
| 038 |
|
|
|a SVKKK
|
| 040 |
|
|
|a SVKKK
|b slo
|e AACR2
|
| 041 |
0 |
|
|a slo
|b eng
|
| 044 |
|
|
|a xo
|c SK
|
| 080 |
|
|
|a 82-343
|2 1997
|
| 080 |
|
|
|a 111.84
|2 1997
|
| 080 |
|
|
|a 398.21
|2 1997
|
| 080 |
|
|
|a 159.922.7
|2 1997
|
| 100 |
1 |
|
|a Stanislavová, Zuzana
|4 aut
|
| 245 |
1 |
0 |
|a Zlo v literárnom umení pre deti v konzumnej spoločnosti
|c Zuzana Stanislavová
|
| 504 |
|
|
|a Bibliogr. odkazy
|
| 504 |
|
|
|a Res. angl., slov.
|
| 650 |
0 |
4 |
|a ľudová rozprávka
|x podoby zla
|x detská recepcia zla
|
| 650 |
0 |
4 |
|a literatúra pre deti a mládež
|x komercionalizácia
|x média
|
| 773 |
0 |
|
|t Zlo v kontexte súčasných socio-kultúrnych premien : zborník materiálov z medzinárodnej vedeckej konferencie, ktorá sa konala 19.10.-20.10. 2006 v Prešove
|d Prešov : Pedagogická fakulta Prešovskej univerzity, 2007
|g S. 259-266
|z 9788080686598
|
| 958 |
|
|
|a NB
|
| 974 |
|
|
|a Ma
|
| 992 |
|
|
|a RZB
|
| BAS |
|
|
|
| 852 |
|
|
|a SVKKK
|b BIB
|
| EXP |
|
|
|
| 998 |
|
|
|a SLO
|